000 00452nam a2200157Ia 4500
008 240729s9999 xx 000 0 und d
022 _a2614-6568
245 0 _aJournal of Science Learning
260 _aIndonesia
260 _bUniversitas Pendidikan Indonesia
650 _a Theory and practice of education | Science
650 _aEducation
856 _uhttps://doaj.org/toc/15c083393489405a8fc21c2130c3ed9f
942 _2ddc
942 _cDOAJEJ
999 _c71058
_d71058
945 _a1
_bMadushi Gamage
_c1
_dMadushi Gamage